Introduction To Data Mining (Record no. 96345)

MARC details
000 -LEADER
fixed length control field 00592nam a2200229Ia 4500
005 - DATE AND TIME OF LATEST TRANSACTION
control field 20230421141045.0
008 - FIXED-LENGTH DATA ELEMENTS--GENERAL INFORMATION
fixed length control field 230125s9999 xx 000 0 und d
020 ## - INTERNATIONAL STANDARD BOOK NUMBER
International Standard Book Number 9789332571402
041 ## - LANGUAGE CODE
Language code of text/sound track or separate title eng
082 ## - DEWEY DECIMAL CLASSIFICATION NUMBER
Classification number 005.7406
Item number TAN
100 ## - MAIN ENTRY--PERSONAL NAME
Author Tan Pang-Ning
245 ## - TITLE STATEMENT
Title Introduction To Data Mining
250 ## - EDITION STATEMENT
Edition statement 1st Ed.
260 ## - PUBLICATION, DISTRIBUTION, ETC.
Date of publication, distribution, etc. 2019
Name of publisher, distributor, etc. Pearson Education
Place of publication, distribution, etc. India
300 ## - PHYSICAL DESCRIPTION
Extent 760p
500 ## - GENERAL NOTE
Keywords Data mining
650 ## - SUBJECT ADDED ENTRY--TOPICAL TERM
Topical term or geographic name entry element Data mining
700 ## - ADDED ENTRY--PERSONAL NAME
Personal name Tan Pang-Ning; Steinbach M & Kumar V
942 ## - ADDED ENTRY ELEMENTS (KOHA)
Koha item type Books
906 ## - LOCAL DATA ELEMENT F, LDF (RLIN)
b 223.72
Holdings
Withdrawn status Lost status Source of classification or shelving scheme Damaged status Not for loan Home library Current library Date acquired Vendor Net Price Bill number Full call number Barcode Date last seen Actual Price Bill Date Koha item type Original Barcode Total Checkouts Date last checked out Total Renewals
    Dewey Decimal Classification   Reference Smt. Hiraben Nanavati Institute of Management & Research for Women Smt. Hiraben Nanavati Institute of Management & Research for Women 27/02/2020 Forward Books 799.00 11221 005.7406 TAN B19905 HIMR-BK-19905 25/01/2023 575.28 24/02/2020 Books B19905      
          Smt. Hiraben Nanavati Institute of Management & Research for Women Smt. Hiraben Nanavati Institute of Management & Research for Women 27/02/2020 Forward Books 799.00 11221 005.7406 TAN B19906 HIMR-BK-19906 17/05/2024 575.28 24/02/2020 Books B19906 2 02/03/2024  
          Smt. Hiraben Nanavati Institute of Management & Research for Women Smt. Hiraben Nanavati Institute of Management & Research for Women 27/02/2020 Forward Books 799.00 11221 005.7406 TAN B19907 HIMR-BK-19907 08/05/2024 575.28 24/02/2020 Books B19907 3 30/04/2024 1
          Smt. Hiraben Nanavati Institute of Management & Research for Women Smt. Hiraben Nanavati Institute of Management & Research for Women 27/02/2020 Forward Books 799.00 11221 005.7406 TAN B19908 HIMR-BK-19908 21/05/2024 575.28 24/02/2020 Books B19908 1 05/03/2024  
          Smt. Hiraben Nanavati Institute of Management & Research for Women Smt. Hiraben Nanavati Institute of Management & Research for Women 27/02/2020 Forward Books 799.00 11221 005.7406 TAN B19909 HIMR-BK-19909 03/08/2024 575.28 24/02/2020 Books B19909 3 28/03/2024 2
          Smt. Hiraben Nanavati Institute of Management & Research for Women Smt. Hiraben Nanavati Institute of Management & Research for Women 27/02/2020 Forward Books 799.00 11221 005.7406 TAN B19910 HIMR-BK-19910 17/07/2023 575.28 24/02/2020 Books B19910 2 05/07/2023 2
          Smt. Hiraben Nanavati Institute of Management & Research for Women Smt. Hiraben Nanavati Institute of Management & Research for Women 27/02/2020 Forward Books 799.00 11221 005.7406 TAN B19911 HIMR-BK-19911 07/07/2023 575.28 24/02/2020 Books B19911 2 06/07/2023 2
          Smt. Hiraben Nanavati Institute of Management & Research for Women Smt. Hiraben Nanavati Institute of Management & Research for Women 27/02/2020 Forward Books 799.00 11221 005.7406 TAN B19912 HIMR-BK-19912 27/02/2024 575.28 24/02/2020 Books B19912 3 01/02/2024 4
          Smt. Hiraben Nanavati Institute of Management & Research for Women Smt. Hiraben Nanavati Institute of Management & Research for Women 27/02/2020 Forward Books 799.00 11221 005.7406 TAN B19913 HIMR-BK-19913 16/05/2024 575.28 24/02/2020 Books B19913 1 04/03/2024  
          Smt. Hiraben Nanavati Institute of Management & Research for Women Smt. Hiraben Nanavati Institute of Management & Research for Women 27/02/2020 Forward Books 799.00 11221 005.7406 TAN B19914 HIMR-BK-19914 16/05/2024 575.28 24/02/2020 Books B19914 4 04/03/2024 1